<?xml version="1.0" encoding="UTF-8"?>
<collection xmlns="http://www.loc.gov/MARC21/slim">
 <record>
  <leader>     na                 </leader>
  <controlfield tag="001">INLIS000000000003162</controlfield>
  <controlfield tag="005">20221102022659</controlfield>
  <datafield tag="035" ind1=" " ind2=" ">
   <subfield code="a">0010-0520003162</subfield>
  </datafield>
  <controlfield tag="008">221102                |          | eng  </controlfield>
  <datafield tag="020" ind1=" " ind2=" ">
   <subfield code="a">9041124683</subfield>
  </datafield>
  <datafield tag="041" ind1=" " ind2=" ">
   <subfield code="a">eng</subfield>
  </datafield>
  <datafield tag="082" ind1=" " ind2=" ">
   <subfield code="a">343.07</subfield>
  </datafield>
  <datafield tag="084" ind1=" " ind2=" ">
   <subfield code="a">343.07 JOE i</subfield>
  </datafield>
  <datafield tag="100" ind1="0" ind2=" ">
   <subfield code="a">Joelson, Mark R.</subfield>
  </datafield>
  <datafield tag="245" ind1="1" ind2="3">
   <subfield code="a">International Antitrust Primer : A Guide to the Operation of United States, European Union and Othe Key Competition Laws in the Global Economy</subfield>
  </datafield>
  <datafield tag="250" ind1=" " ind2=" ">
   <subfield code="a">3rd ed.</subfield>
  </datafield>
  <datafield tag="260" ind1=" " ind2=" ">
   <subfield code="a">The Netherlands :</subfield>
   <subfield code="b">Kluwer Law International,</subfield>
   <subfield code="c">2006</subfield>
  </datafield>
  <datafield tag="300" ind1=" " ind2=" ">
   <subfield code="a">xxiii, 717 p. ; 25 cm. ;</subfield>
   <subfield code="c">25 cm.</subfield>
  </datafield>
  <datafield tag="500" ind1=" " ind2=" ">
   <subfield code="a">Indeks : p. 707 - 717</subfield>
  </datafield>
  <datafield tag="504" ind1=" " ind2=" ">
   <subfield code="a">p. 573 - 593</subfield>
  </datafield>
  <datafield tag="520" ind1=" " ind2=" ">
   <subfield code="a">This book is not meant to be a contribution to extensive literature, some of it multi-volume, which covers all of the jurisprudence that has develoved under the United States, European, and other competition laws. It is not sufficiently detailed to be included in that genre. It is a 'primer' designed to provided an explanation of competition law. As a regime of both domestic and international law, for use by business person, journalist, students, or lawyer, who does not specialize in this field, but desires to be familiar with outline. Many areas and issues of great concern to business persons and their counsel arise, among them following : intellectual property rights, foreign government action, extent and kind of criminal sanctions, extraterritorial reach, mergers and acquisitions, level and type of enforcement, activity, effects of national foreign or domestic policy, permissible cooperation among competitors and public procurement.</subfield>
  </datafield>
  <datafield tag="650" ind1=" " ind2="4">
   <subfield code="a">International Competition</subfield>
  </datafield>
  <datafield tag="650" ind1=" " ind2="4">
   <subfield code="a">Antitrust Law - USA</subfield>
  </datafield>
  <datafield tag="990" ind1=" " ind2=" ">
   <subfield code="a">09718/MKRI-P/XI-2008</subfield>
  </datafield>
  <datafield tag="990" ind1=" " ind2=" ">
   <subfield code="a">09719/MKRI-P/XI-2008</subfield>
  </datafield>
  <datafield tag="990" ind1=" " ind2=" ">
   <subfield code="a">09720/MKRI-P/XI-2008</subfield>
  </datafield>
  <datafield tag="990" ind1=" " ind2=" ">
   <subfield code="a">09718/MKRI-P/XI-2008</subfield>
  </datafield>
  <datafield tag="990" ind1=" " ind2=" ">
   <subfield code="a">09719/MKRI-P/XI-2008</subfield>
  </datafield>
  <datafield tag="990" ind1=" " ind2=" ">
   <subfield code="a">09720/MKRI-P/XI-2008</subfield>
  </datafield>
  <datafield tag="990" ind1=" " ind2=" ">
   <subfield code="a">09720/MKRI-P/XI-2008</subfield>
  </datafield>
  <datafield tag="990" ind1=" " ind2=" ">
   <subfield code="a">09718/MKRI-P/XI-2008</subfield>
  </datafield>
  <datafield tag="990" ind1=" " ind2=" ">
   <subfield code="a">09719/MKRI-P/XI-2008</subfield>
  </datafield>
 </record>
</collection>
